Biographical dictionary of evangelicals / (Record no. 15040)

MARC details
000 -LEADER
fixed length control field 00674cam a22002052 4500
001 - CONTROL NUMBER
control field 0000008383
005 - DATE AND TIME OF LATEST TRANSACTION
control field 20151217161138.0
008 - FIXED-LENGTH DATA ELEMENTS--GENERAL INFORMATION
fixed length control field 080408s xx 000 0 eng d
020 ## - INTERNATIONAL STANDARD BOOK NUMBER
International Standard Book Number 0851119964 :
Terms of availability KES 4350
040 ## - CATALOGING SOURCE
Original cataloging agency KABU
Transcribing agency KABU
245 10 - TITLE STATEMENT
Title Biographical dictionary of evangelicals /
Statement of responsibility, etc. editor, Timothy Larsen.
260 ## - PUBLICATION, DISTRIBUTION, ETC. (IMPRINT)
Place of publication, distribution, etc. Downers Grove, IL. :
Name of publisher, distributor, etc. InterVarsity Press,
Date of publication, distribution, etc. 2003.
300 ## - PHYSICAL DESCRIPTION
Extent xvii, 789 p.
650 #0 - SUBJECT ADDED ENTRY--TOPICAL TERM
Topical term or geographic name as entry element Evangelicalism
Form subdivision Dictionaries.
-- 0000158939
650 #0 - SUBJECT ADDED ENTRY--TOPICAL TERM
Topical term or geographic name as entry element Christian biography
Form subdivision Dictionaries.
-- 0000158940
700 1# - ADDED ENTRY--PERSONAL NAME
Personal name Larsen, Timothy.
-- 0000158941
908 ## - PUT COMMAND PARAMETER (RLIN)
Put command parameter 080408
950 ## - LOCAL HOLDINGS (RLIN)
-- 1
Holdings
Withdrawn status Lost status Source of classification or shelving scheme Not for loan Home library Current library Date acquired Total Checkouts Full call number Barcode Date last seen Price effective from Koha item type
    Library of Congress Classification Not For Loan Kabarak, Main Campus Kabarak, Main Campus 17/12/2015   BR1643 .A1B56 c. 1 003205 17/12/2015 17/12/2015 Reference
Designed with assistance from East African Informatics Ltd